Loading...
| Religion | 0 | 3 | 0 | 1 | 30 | 62 | 84.67 | 0 | 1 | 8.98 | 12.00 |
| Science - Biology | 0 | 3 | 0 | 1 | 30 | 54 | 70.67 | 0 | 2 | 8.82 | 16.00 |
| History - Other | 0 | 3 | 0 | 2 | 30 | 63 | 96.33 | 0 | 1 | 4.26 | 10.00 |
| Science - Chemistry | 0 | 2 | 0 | 1 | 20 | 65 | 69.00 | 0 | 2 | 5.93 | 8.00 |
| Fine Arts - Classical Music | 0 | 2 | 0 | 1 | 20 | 83 | 101.50 | 0 | 1 | 2.75 | 10.00 |
| Science - Other | 0 | 1 | 0 | 1 | 10 | 72 | 72.00 | 1 | 1 | 3.01 | 8.00 |
| Science - Physics | 0 | 1 | 0 | 1 | 10 | 106 | 106.00 | 0 | 0 | 0.00 | 2.00 |
| Fine Arts - Painting and Sculpture | 0 | 1 | 0 | 0 | 10 | 122 | 122.00 | 0 | 1 | 0.16 | 6.00 |
| History - World | 0 | 1 | 0 | 0 | 10 | 101 | 101.00 | 0 | 1 | 0.10 | 8.00 |
| Literature - European | 0 | 1 | 0 | 0 | 10 | 99 | 99.00 | 0 | 1 | 1.39 | 6.00 |
| Popular Culture | 0 | 1 | 0 | 0 | 10 | 26 | 26.00 | 1 | 1 | 10.91 | 11.43 |